00531nam a2200169 a 450008200160000010000210001624500750003726000330011230000090014550000350015450500120018965000220020170000210022394200070024495200950025199900150034600a297.63bHIG aHiggins, Godfrey aApology for the Life and Character of the Celebrated Prophet of Arabia aLondonbRowland Hunterc1829 a108p aincludes index and biblioraphy2 aIndices aMuhammad, Prophet1 aHiggins, Godfrey cBK 00104070aHMIbHMId2007-07-10g100.00l0o297.63 HIGp1163r2007-07-10w2026-01-16yEB c2685d2685